Rappeuses francophones par photo 2 - Statistiques

Statistiques générales
  • Ce quiz a été pris 50 fois
  • Le résultat moyen est 4 sur 16
Statistiques - réponses
Par images Réponse % Correct
Diam's
96%
Eva
74%
Marwa Loud
72%
KT Gorique
26%
Soumeya
22%
Nayra
17%
Davinhor
13%
Lous and the Yakuza
13%
Laeti
9%
Aloïse Sauvage
7%
Ash To The Eye
4%
Babysolo33
4%
Liza Monet
2%
Vicky R
2%
Jaïa Rose
0%
Moona
0%
Aucun quiz correspondant
Distribution des résultats
% des personnes avec chaque résultat
Percentile par nombre de réponses
Votre historique - résultats
Vous n’avez pas pris ce quiz